RICS PI minimum policy wording changes (Record no. 73260)
[ view plain ]
| 000 -LEADER | |
|---|---|
| fixed length control field | 01278cam a2200205 4500 |
| 001 - CONTROL NUMBER | |
| control field | WB3931-22 |
| 008 - FIXED-LENGTH DATA ELEMENTS--GENERAL INFORMATION | |
| fixed length control field | 030821n2003 000 0 eng u |
| 035 ## - SYSTEM CONTROL NUMBER | |
| System control number | (Sirsi) u123324 |
| 245 ## - TITLE STATEMENT | |
| Title | RICS PI minimum policy wording changes |
| 260 ## - PUBLICATION, DISTRIBUTION, ETC. | |
| Date of publication, distribution, etc. | 2003 |
| 490 ## - SERIES STATEMENT | |
| Series statement | RICS Feature |
| Volume/sequential designation | 20 August 2003 (2) |
| 520 ## - SUMMARY, ETC. | |
| Summary, etc. | Summarises the changes made to the RICS PI minimum policy wording as at 1 July 2003. The changes follow on a 12-month review, in conjunction with the insurance market, of the cover provided. RICS has worked to ensure that the minimum cover remains sufficiently comprehensive. The wording remains on a civil liability basis and provides cover for each and every claim, subject to policy terms and conditions. A specific coverage relating to asbestos claims has been negotiated with insurers. The full policy wording is available at http://www.rics.org/downloads/2003_insurance_policy_terms.pdf http://www.rics.org/ricscms/bin/show?class=Feature&template=/includes/showfeature.html&id=714&faculty=RICS |
| 590 ## - LOCAL NOTE (RLIN) | |
| Local note | WB |
| 650 ## - SUBJECT ADDED ENTRY--TOPICAL TERM | |
| Topical term or geographic name entry element | PROFESSIONAL INDEMNITY INSURANCE |
| 650 ## - SUBJECT ADDED ENTRY--TOPICAL TERM | |
| Topical term or geographic name entry element | MANAGEMENT-HEALTH AND SAFETY-HAZARDOUS SUBSTANCES-ASBESTOS |
| 650 ## - SUBJECT ADDED ENTRY--TOPICAL TERM | |
| Topical term or geographic name entry element | CIVIL LIABILITY |
| 650 ## - SUBJECT ADDED ENTRY--TOPICAL TERM | |
| Topical term or geographic name entry element | PROFESSIONAL INDEMNITY INSURANCE |
| 690 ## - LOCAL SUBJECT ADDED ENTRY--TOPICAL TERM (OCLC, RLIN) | |
| Topical term or geographic name as entry element | INSURANCE |
| 9 (RLIN) | 6249 |
| 942 ## - ADDED ENTRY ELEMENTS (KOHA) | |
| Suppress in OPAC | 0 |
| Withdrawn status | Lost status | Source of classification or shelving scheme | Damaged status | Not for loan | Home library | Current library | Shelving location | Date acquired | Total Checkouts | Full call number | Barcode | Date last seen | Copy number | Price effective from | Koha item type |
|---|---|---|---|---|---|---|---|---|---|---|---|---|---|---|---|
| Dewey Decimal Classification | London | London | News article | 21/08/2003 | WB3931-22 | 123324-1001 | 06/08/2019 | 1 | 06/08/2019 | Journal article |